export_success — 

Legitime Sprachen, legitime Identitäten : Interaktionsanalysen im spätmodernen »Deutsch als Fremdsprache«-Klassenzimmer.

Bibliographic Details
Main Author: Rellstab, Daniel H.
Format: eBook
Language:German
Published: Bielefeld : transcript, 2021.
Edition:1st ed.
Series:Interkulturalität. Studien zu Sprache, Literatur und Gesellschaft
Subjects:
Online Access:Click to View
LEADER 02403nam a22003853i 4500
001 EBC6956315
003 MiAaPQ
005 20231204023223.0
006 m o d |
007 cr cnu||||||||
008 231204s2021 xx o ||||0 ger d
020 |a 9783839456941  |q (electronic bk.) 
020 |z 9783837656947 
035 |a (MiAaPQ)EBC6956315 
035 |a (Au-PeEL)EBL6956315 
035 |a (OCoLC)1280943648 
040 |a MiAaPQ  |b eng  |e rda  |e pn  |c MiAaPQ  |d MiAaPQ 
100 1 |a Rellstab, Daniel H. 
245 1 0 |a Legitime Sprachen, legitime Identitäten :  |b Interaktionsanalysen im spätmodernen »Deutsch als Fremdsprache«-Klassenzimmer. 
250 |a 1st ed. 
264 1 |a Bielefeld :  |b transcript,  |c 2021. 
264 4 |c {copy}2021. 
300 |a 1 online resource (377 pages) 
336 |a text  |b txt  |2 rdacontent 
337 |a computer  |b c  |2 rdamedia 
338 |a online resource  |b cr  |2 rdacarrier 
490 1 |a Interkulturalität. Studien zu Sprache, Literatur und Gesellschaft 
505 0 |a Cover -- Inhalt -- Vorwort -- 1. Einleitung -- 2. Die Schulen der Spätmoderne, sprachliche Diversität und Legitimität -- 3. Legitimität, interaktional -- 4. Multimodale Interaktionsanalysen im Anschluss an Goffman: Methodologische Überlegungen -- 5. Die Klassen und ihre Mitglieder -- 6. Daten, Datenerhebung und Transkription -- 7. Legitimes Handeln vor der Kamera -- 8. Französisch und Deutsch im »Deutsch als Fremdsprache«-Unterricht -- 9. Englisch und andere Sprachen im »Deutsch als Fremdsprache«-Unterricht -- 10. Legitime und illegitime kulturelle Identitäten im transnationalen Fremdsprachenklassenzimmer -- 11. Schlussüberlegungen: Legitimität und Fremdsprachenunterricht -- Literatur -- Verzeichnisse. 
588 |a Description based on publisher supplied metadata and other sources. 
590 |a Electronic reproduction. Ann Arbor, Michigan : ProQuest Ebook Central, 2023. Available via World Wide Web. Access may be limited to ProQuest Ebook Central affiliated libraries.  
655 4 |a Electronic books. 
776 0 8 |i Print version:  |a Rellstab, Daniel H.  |t Legitime Sprachen, legitime Identitäten  |d Bielefeld : transcript,c2021  |z 9783837656947 
797 2 |a ProQuest (Firm) 
830 0 |a Interkulturalität. Studien zu Sprache, Literatur und Gesellschaft 
856 4 0 |u https://ebookcentral.proquest.com/lib/matrademy/detail.action?docID=6956315  |z Click to View